Group cohomology and algebraic cycles (Record no. 13727)

MARC details
000 -LEADER
fixed length control field 00918nam a2200325Ia 4500
003 - CONTROL NUMBER IDENTIFIER
control field OSt
005 - DATE AND TIME OF LATEST TRANSACTION
control field 20220912144621.0
008 - FIXED-LENGTH DATA ELEMENTS--GENERAL INFORMATION
fixed length control field 220909b |||||||| |||| 00| 0 eng d
020 ## - INTERNATIONAL STANDARD BOOK NUMBER
International Standard Book Number 9781107015777 (hbk)
020 ## - INTERNATIONAL STANDARD BOOK NUMBER
International Standard Book Number SL01562142
037 ## - SOURCE OF ACQUISITION
Terms of availability Textbook
040 ## - CATALOGING SOURCE
Original cataloging agency CSL
Language of cataloging eng
Transcribing agency CSL
041 ## - LANGUAGE CODE
Language code of text/sound track or separate title eng
100 ## - MAIN ENTRY--PERSONAL NAME
Personal name Totaro Burt
245 #0 - TITLE STATEMENT
Title Group cohomology and algebraic cycles
260 ## - PUBLICATION, DISTRIBUTION, ETC.
Place of publication, distribution, etc. New York
Name of publisher, distributor, etc. Cambridge
Date of publication, distribution, etc. 2014
300 ## - PHYSICAL DESCRIPTION
Extent xvi, 228p.
500 ## - GENERAL NOTE
General note References 219-226p.; Index 227-228p.
650 ## - SUBJECT ADDED ENTRY--TOPICAL TERM
Topical term or geographic name entry element Algebraic cycles
650 ## - SUBJECT ADDED ENTRY--TOPICAL TERM
Topical term or geographic name entry element Topological filtrations
650 ## - SUBJECT ADDED ENTRY--TOPICAL TERM
Topical term or geographic name entry element Group cohomology
700 ## - ADDED ENTRY--PERSONAL NAME
Personal name Totaro Burt
942 ## - ADDED ENTRY ELEMENTS (KOHA)
Classification part B316, Q4 TB
Koha item type Textbook
Source of classification or shelving scheme Colon Classification (CC)
Holdings
Withdrawn status Lost status Damaged status Not for loan Home library Current library Date acquired Source of acquisition Total Checkouts Full call number Barcode Date last seen Price effective from Koha item type
        Central Science Library Central Science Library 2022-09-12 79, 20/08/2014, Vardhman Books   B316 Q4 TB SL1562142 2022-09-12 2022-09-12 Textbook
Copyright @ Delhi University Library System